1889 1298 1422 1549 1546 1390 1417 1864 1094 1245 1103 1941 1367 1368 1893 1738 1590 1103 1673 1489 1245 1412 1716 1327 1933 1654 1338 1968 1557 1180 1484 1231 1954 1086 1988 1844 1454 1896 1532 1981 1796 1499 1228 1841 1804 1234 1938 1361 1800 1517 1022 1020 1617 1646 1138 1613 1260 1068 1579 1273 1929 1670 1972 1758 1479 1558 1635 1978 1493 1401 1250 1565 1125 1999 1542 1087 1779 1337 1789 1521 1369 1769 1658 1256 1369 1783 1671 1129 1982 1501 1399 1994 1346 1928 1426 1401 1528 1801 1916 BCNSPRNW ULIB Ver.6.0+V

เปลี่ยนเป็นภาษาไทย

Change to English
 แสดงรายละเอียดบรรณานุกรม
  กลับหน้าหลัก

Brief Record : Get Marc (ISO 2709) : E-mail record : QR code < ปิดหน้าต่าง
LEADER : 00000nam 2200000uu 4500
001    13399123370
003     ULIB
008    140827s2550||||th 000 0 tha d
099    วจ WQ240^bอ496ก
100 0  อัจฉโรบล แสงประเสริฐ
245 00 ภาวะความดันโลหิตสูงในสตรีตั้งครรภ์บทบาทพยาบาล/^cอัจฉโรบล แสงประเสริฐ
260    นครสวรรค์ :^bวิทยาลัยพยาบาลบรมราชชนนี สวรรค์ประชารักษ์ นครสวรรค์,^c2550
300    91 หน้า
650  0 ภาวะความดันโลหิตสูงในสตรีตั้งครรภ์
945    ^p0^l0^i021884
999    ^aเกษร โพธิ์สุวรรณ
รายการนี้ยังไม่มีแท็ก
คุณยังไม่ได้ล็อกอิน คุณสามารถมีกิจกรรมร่วมกับเว็บไซต์ได้ แต่ต้องล็อกอินก่อน ::
  ล็อกอิน

รายการสื่อสารสนเทศ

ลำดับที่ ประเภท เลขเรียก/บาร์โค้ด สถานที่ สถานะ
1. งานวิจัย
งานวิจัย
วจ WQ240 อ496ก ฉ.1 
  Barcode: 021884
ห้องสมุดวิทยาเขตสวรรค์ประชารักษ์
►วิจัย
บนชั้น

รายการใกล้เคียง
    ผู้แต่ง [อัจฉโรบล แสงประเสริฐ]

BibComment


ยังไม่เคยถูกคอมเมนท์

คอมเมนท์ทรัพยากรรายการนี้
  คอมเมนท์: ภาวะความดันโลหิตส..


 Copyright 2026. Bcnsprnw @Library